000 00689nam a2200241 a 4500
008
020 _a0632015845 (pbk.)
049 _aMAIN
090 _aRC582
_bCHA
100 1 _aChapel, Helen.
245 1 0 _aEssentials of clinical immunology /
_cHelen Chapel and Mansel Haeney.
260 _aOxford ; Boston :
_bELBS,
_c1984.
300 _av, 438 p. :
_bill. ;24 cm.
504 _aIncludes bibliographical references.
500 _aIncludes index.
650 2 _aImmunity.
700 1 _aHaeney, Mansel.
907 _a.b10219225
_b16-08-11
_c08-11-06
003
005 20230120203934.0
040 _cNUST
942 _cBOOKS
_kRC582
_mCHA
999 _c114206
_d114206